Theories of developmental psychology

Αποθηκεύτηκε σε:
Λεπτομέρειες βιβλιογραφικής εγγραφής
Κύριος συγγραφέας: Miller, Patricia H.
Μορφή: Βιβλίο
Γλώσσα:English
Δημοσίευση: New York : W.H. Freeman, 1993
Έκδοση:3rd ed.
Θέματα:
Ετικέτες: Προσθήκη ετικέτας
Δεν υπάρχουν, Καταχωρήστε ετικέτα πρώτοι!

MARC

LEADER 00000nam a2200000 i 4500
001 1/81875
008 990519s1993 eng d
020 |a 0-7167-2309-3 
035 |l 10050971 
040 |a GR-MY-UA  |b gre  |e aacr 
041 0 |a eng 
082 0 |a 155 
100 1 |a Miller, Patricia H. 
245 1 0 |a Theories of developmental psychology /  |c Patricia H. Miller 
250 |a 3rd ed. 
260 |a New York :   |b W.H. Freeman,   |c 1993 
300 |a 498 p. 
650 0 0 |a Developmental psychology  |x Philosophy. 
650 0 0 |a Child psychology  |x Philosophy. 
852 |a INST  |b RHODES  |e 19990519  |h 155 MIL  |p 005400011784  |q 005400011784  |t BK  |y 0 
909 |a Ρ  |b 065310  |c 1999 
922 |a 4ΕΛΗ  |b 199903  |d LEADER